Journal of Facilities Management (Record no. 118754)
[ view plain ]
| 000 -LEADER | |
|---|---|
| fixed length control field | 00557cas a22002055a 4500 |
| 001 - CONTROL NUMBER | |
| control field | ##L118664 |
| 005 - DATE AND TIME OF LATEST TRANSACTION | |
| control field | 20250813131626.0 |
| 008 - FIXED-LENGTH DATA ELEMENTS--GENERAL INFORMATION | |
| fixed length control field | 020703c2002 xxkqr p 0 a0eng u |
| 022 0# - INTERNATIONAL STANDARD SERIAL NUMBER | |
| International Standard Serial Number | 1472-5967 |
| 035 ## - SYSTEM CONTROL NUMBER | |
| System control number | (Sirsi) u118664 |
| 041 0# - LANGUAGE CODE | |
| Language code of text/sound track or separate title | eng |
| 245 00 - TITLE STATEMENT | |
| Title | Journal of Facilities Management |
| 260 3# - PUBLICATION, DISTRIBUTION, ETC. | |
| Place of publication, distribution, etc. | London |
| Name of publisher, distributor, etc. | Henry Stewart Publications |
| Date of publication, distribution, etc. | 2002- |
| 362 ## - DATES OF PUBLICATION AND/OR SEQUENTIAL DESIGNATION | |
| Dates of publication and/or sequential designation | 1(1) March 2002- |
| 510 2# - CITATION/REFERENCES NOTE | |
| Name of source | Knowledge Alert |
| Location within source | 2006- |
| 520 ## - SUMMARY, ETC. | |
| Summary, etc. | Kept for five years |
| 651 #4 - SUBJECT ADDED ENTRY--GEOGRAPHIC NAME | |
| Geographic name | United Kingdom |
| 690 ## - LOCAL SUBJECT ADDED ENTRY--TOPICAL TERM (OCLC, RLIN) | |
| Topical term or geographic name as entry element | MANAGEMENT-FACILITIES MANAGEMENT |
| 942 ## - ADDED ENTRY ELEMENTS (KOHA) | |
| Suppress in OPAC | 0 |
| Source of classification or shelving scheme | Dewey Decimal Classification |
| Withdrawn status | Lost status | Source of classification or shelving scheme | Damaged status | Not for loan | Home library | Current library | Shelving location | Date acquired | Total Checkouts | Full call number | Barcode | Date last seen | Price effective from | Koha item type |
|---|---|---|---|---|---|---|---|---|---|---|---|---|---|---|
| Dewey Decimal Classification | London | London | Gallery | 17/08/2004 | JOURNAL OF FACILTIES MANAGEMENT | 118664-1001 | 06/08/2019 | 06/08/2019 | Journal |